Southville International School and Colleges
Your cart is empty.
  • Cart
  • Lists
    Public lists Eva Luna New books Lux_list list_1
    Your lists Log in to create your own lists
  • Log in to your account
  • Your cookies
  • Search history
Southville International School and Colleges
  • Advanced search
  • Recent comments
  • Most popular
  • Libraries

Log in to your account

Log in with GOOGLE


If you do not have an external account, but do have a local account, you can still log in:

  1. Home
  2. MARC view: Principles of information security /
Normal view MARC view ISBD view

Principles of information security / (Record no. 15479)

[ view plain ]
MARC details
000 -LEADER
fixed length control field 02098cam a22004337a 4500
001 - CONTROL NUMBER
control field 14921972
003 - CONTROL NUMBER IDENTIFIER
control field OSt
005 - DATE AND TIME OF LATEST TRANSACTION
control field 20140310182733.0
008 - FIXED-LENGTH DATA ELEMENTS--GENERAL INFORMATION
fixed length control field 070710s2005 maua 001 0 eng d
010 ## - LIBRARY OF CONGRESS CONTROL NUMBER
LC control number 2007297587
020 ## - INTERNATIONAL STANDARD BOOK NUMBER
International Standard Book Number 0619216255
020 ## - INTERNATIONAL STANDARD BOOK NUMBER
International Standard Book Number 9780619216252
035 ## - SYSTEM CONTROL NUMBER
System control number (OCoLC)ocm57583037
035 ## - SYSTEM CONTROL NUMBER
System control number (OCoLC)57583037
040 ## - CATALOGING SOURCE
Original cataloging agency VZU
Transcribing agency VZU
Modifying agency OCLCQ
-- TTU
-- BAKER
-- NNF
-- CSG
-- UMC
-- YDXCP
-- LVB
-- DLC
042 ## - AUTHENTICATION CODE
Authentication code lccopycat
050 00 - LIBRARY OF CONGRESS CALL NUMBER
Classification number TK 5105.59
Item number .W54 2005
100 1# - MAIN ENTRY--PERSONAL NAME
Personal name Whitman, Michael E.,
Dates associated with a name 1964-
245 10 - TITLE STATEMENT
Title Principles of information security /
Statement of responsibility, etc Michael E. Whitman, Herbert J. Mattord.
250 ## - EDITION STATEMENT
Edition statement 2nd ed.
260 ## - PUBLICATION, DISTRIBUTION, ETC. (IMPRINT)
Place of publication, distribution, etc Boston, Mass. :
Name of publisher, distributor, etc Thomson Course Technology,
Date of publication, distribution, etc 2005.
300 ## - PHYSICAL DESCRIPTION
Extent 576 p. :
Other physical details ill. ;
Dimensions 24 cm.
500 ## - GENERAL NOTE
General note Includes index.
505 00 - FORMATTED CONTENTS NOTE
Title Introduction to information security --
Miscellaneous information The
Title need for security --
-- Legal, ethical, and professional issues in information security --
-- Risk management --
-- Planning for security --
-- Security technology: firewalls and VPNs --
-- Security technology: intrusion detection, access control, and other security tools --
-- Cryptography --
-- Physical security --
-- Implementing information security --
-- Security and personnel --
-- Information security maintenance.
521 ## - TARGET AUDIENCE NOTE
Target audience note
562 ## - COPY AND VERSION IDENTIFICATION NOTE
Number of copies for circulation. 1 copy available in the collection
650 #0 - SUBJECT ADDED ENTRY--TOPICAL TERM
Topical term or geographic name as entry element Computer networks
General subdivision Security measures.
650 #0 - SUBJECT ADDED ENTRY--TOPICAL TERM
Topical term or geographic name as entry element Computer security.
650 #6 - SUBJECT ADDED ENTRY--TOPICAL TERM
Topical term or geographic name as entry element Systèmes informatiques
General subdivision Sécurité
-- Mesures.
650 #6 - SUBJECT ADDED ENTRY--TOPICAL TERM
Topical term or geographic name as entry element Technologie de l'information
General subdivision Sécurité
-- Mesures.
700 1# - ADDED ENTRY--PERSONAL NAME
Personal name Mattord, Herbert J.
856 42 - ELECTRONIC LOCATION AND ACCESS
Materials specified Contributor biographical information
Uniform Resource Identifier <a href="http://www.loc.gov/catdir/enhancements/fy1103/2007297587-b.html">http://www.loc.gov/catdir/enhancements/fy1103/2007297587-b.html</a>
856 42 - ELECTRONIC LOCATION AND ACCESS
Materials specified Publisher description
Uniform Resource Identifier <a href="http://www.loc.gov/catdir/enhancements/fy1103/2007297587-d.html">http://www.loc.gov/catdir/enhancements/fy1103/2007297587-d.html</a>
856 41 - ELECTRONIC LOCATION AND ACCESS
Materials specified Table of contents only
Uniform Resource Identifier <a href="http://www.loc.gov/catdir/enhancements/fy1103/2007297587-t.html">http://www.loc.gov/catdir/enhancements/fy1103/2007297587-t.html</a>
906 ## - LOCAL DATA ELEMENT F, LDF (RLIN)
a 7
b cbc
c copycat
d 2
e ncip
f 20
g y-gencatlg
942 ## - ADDED ENTRY ELEMENTS (KOHA)
Source of classification or shelving scheme Library of Congress Classification
Koha item type Books
Call number prefix Foreign
Holdings
Withdrawn status Lost status Source of classification or shelving scheme Damaged status Home library Current library Shelving location Date acquired Cost, normal purchase price Total Checkouts Full call number Barcode Date last seen Copy number Price effective from Koha item type
    Library of Congress Classification   College Library College Library General Circulation Section 11/12/2011 1200.00   TK 5105.59 .W54 2005 C14078 05/15/2018 1 10/18/2013 Books

Principles of information security /

APA

Whitman M. E., Mattord H. J., . (2005). Principles of information security. Boston, Mass: Thomson Course Technology.

Chicago

Whitman Michael E, Mattord Herbert J, . 2005. Principles of information security. Boston, Mass: Thomson Course Technology.

Harvard

Whitman M. E., Mattord H. J., . (2005). Principles of information security. Boston, Mass: Thomson Course Technology.

MLA

Whitman Michael E, Mattord Herbert J, . Principles of information security. Boston, Mass: Thomson Course Technology. 2005.

  • Place hold
  • Print
  • Cite
  • Add to your cart (remove)
  • Save record
    BIBTEX Dublin Core MARCXML MARC (non-Unicode/MARC-8) MARC (Unicode/UTF-8) MARC (Unicode/UTF-8, Standard) MODS (XML) RIS
  • More searches
    Search for this title in:
    Other Libraries (WorldCat) Other Databases (Google Scholar) Online Stores (Bookfinder.com) Open Library (openlibrary.org)

Exporting to Dublin Core...

SOUTHVILLE LIBRARY

Southville International School and Colleges Library

1281 Tropical Ave. Cor. Luxembourg St., BF Homes International, Las Pinas City

Tel. No. 8256374 / 252358 Loc. 117/146

Powered by Koha